Quizzes
Events
Quiz Creation
Community
Videos
Private Events
Remove Ads
Sign In
Join for FREE
Feedback
Dark Mode
Quiz Categories
Sports
Geography
Music
Movies
Television
Just For Fun
Miscellaneous
History
Literature
Language
Science
Gaming
Entertainment
Religion
Holiday
For Kids
Quiz Lab
Recent
Popular Today
Quiz Kudos Today
Editor Picks
Curator Picks
Quizzes by...
Day
Popularity
Type
Ratings
Length
Year
Community
Subscriptions
Recent Discussions
Orange Saloon
Badges
Playlists
Quests
Create
Leaderboards
Showdown
Live 5
Trivia Bingo
Activity
Puzzle Library
Sporcle Events
Private Events
Virtual Trivia
Globe League
Become a Host
Pub Owners
SporcleCon
Opinionation
Our Games
Videos
Blog
Mobile Apps
Partnerships
Remove Ads and Go Orange
Feedback
History
US Presidents
World Leaders
Politics
Nation
Discovery
War
Decade
Year
Century
Biography
Art
History
US Presidents
World Leaders
Politics
Nation
Discovery
War
Decade
Year
Century
Biography
Art
Random Quiz
Search Sporcle
×
Quiz Lab
Quiz Lab
History
Definition
Type in answers that appear in a list
Type in answers that appear in a list
Classic
Best Score? Go Orange.
Contemporary America APUSH PM Stats
Can you name the the key terms from Contemporary America 1946-present?
By
codman225
5m
9 Questions
33 Plays
33 Plays
33 Plays
Comments
Comments
Give Quiz Kudos
Give Quiz Kudos
-
- Ratings
hide this ad
Replay
Link that replays current quiz
Next Quiz
Link to next quiz in quiz playlist
You Got
0%
They Got
Avg Score
49%
Avg Friend Score
Upgrade to see
Score Distribution
Jump to the score distribution portion of the page
Score
0/9
Timer
05:00
0
Plays Today
Definition
Term
% Correct
The significant increase in the birth rate from 1946 through 1957; the rise in population contributed to the growth of the suburbs, consumer culture, and college enrollments.
Baby Boom
97%
President Johnson's domestic program that included Medicare, civil rights legislation, the War on Poverty; funding for the programs suffered because of the costs of the Vietnam War
Great Society
81.8%
Southern Democrats who bolted the party following the adoption of a civil rights plank at the 1948 convention; ran Strom thurmond as their candidate in 1948.
Dixiecrats
60.6%
President Truman's domestic policy that included civil rights and an extension and enlargement of the New Deal.
Fair Deal
51.5%
High inflation combined with high unemployment and a declining gross national product; used to describe economic condition of the country in the mid-
1970s
Stagflation
51.5%
President Reagan's economic policy; reduction in taxes would give people more spendable income and in turn lead to business expansion and more jobs.
Supply-side economics
33.3%
Under Chief Justice Earl Warren an activist Supreme Court became an important instrument of social and political change, particularly in civil rights and civil liberties.
Warren Court
33.3%
President Nixon's program to return power and tax dollars to the states and cities; the key aspect was revenue sharing, which distributed $30 billion in revenues to the states.
New Federalism
21.2%
Represented by President Eisenhower, it combined acceptance of the basic features of the New Deal with a conservatve economic policy, particularly controlling government spending.
Modern Republicanism
12.1%
Quiz Playlist
Details
Report
Send in Message
Add To Playlist
Classic:
Type in answers that appear in a list
Last Updated: Feb 16, 2017
Quiz Scoreboard
CHALLENGE
Sign Up to Join the Scoreboard
Show All
Scores
Hide
Comments
May contain spoilers
Recently Published
NBA Finals Game Top Scorers (2010s)
by flibbidy
Sports
5m
Guess the 'R' Things in 3 Words
by MSUKent
Miscellaneous
3m
Actor to Badly Drawn Movie III
by MoMosMoProblems
Movies
5m
More to Explore
Quiz From the Vault
Featured Blog Post
Where Does Lost Luggage Go?
hide this ad
You Might Also Like...
Tags
Definition Quiz
America
Contemporary
Key
Term
Today's Top Quizzes in History
Browse History
hide this ad
Today's Top Quizzes in Definition
Browse Definition
Top Contributed Quizzes in History
1
Nickname Match: US Presidents
2
I Am Born On March 18th
3
Nickname Match: World Leaders II
4
Nickname Match: US Presidents II
5
Famous People on Time Magazine Covers III (Slideshow)
6
10 to 1: Generals by War
7
27 Amendments
8
Order the British Succession
9
New Deal Alphabet Soup
10
I Am Born On March 17th
Explore More
Trending Topics
Marvel
Disney
Harry Potter
Kpop
Anime
NBA
Crossword
WWE
Puzzle
Country
Soccer
NFL
The Office
Song
Pokémon
hide this ad
More By:
codman225
Quiz
Plays
Rating
Category
Featured
Created
Civil War and Reconstruction APUSH PM
221
1.00
History
May 23, 2011
Gilded Age APUSH PM
124
History
May 24, 2011
The Constitution and the Federalists APUSH PM
94
3.00
History
May 18, 2011
Sectionalism and Expansion APUSH PM
80
History
May 19, 2011
Jeffersonian and Jacksonian Democracy APUSH PM
68
History
May 19, 2011
Go to Creator's Profile
Score Distribution
Quiz Creator Spotlight
codman225
Follow
Send a Message
Quizzes Created
-
Created Quiz Play Count
-
More By This Creator
Popular Quizzes Today
1
Find the US States - No Outlines Minefield
2
Find the US States
3
The Countries of the World
4
10 Largest US States in Order
5
Find the Countries of Europe - No Outlines Minefield
6
US States
7
Guess the 'R' Things in 3 Words
8
NBA Finals Game Top Scorers (2010s)
More History Quizzes
Three Clues: Which Monarch?
Published
Trending Quizzes
First Name TV: Leading Men
Match the Book to the Film II
3-Word Movies in 1 Word II
First Name TV: Leading Women Drama
Match the Book to the Film VI
Recently Updated
Women's Final Four Teams by Year
bhenderson79
Presidents Quartet II
eogle
Anything But Clue(do)
eogle
Anything But Oceanian Capitals
eogle
Anything But 7
eogle
Anything But Thing
eogle
Word Ladder: February 29
pecheneg
Song Title Questions
pecheneg
Women's NCAA Tournament #1 Seeds
pecheneg
Celebrity Mug Shots
pecheneg
Trending Topics
Crossword
Marvel
Disney
Anime
Harry Potter
NBA
Kpop
WWE
The Office
Soccer
Country
Song
Pokémon
NFL
Puzzle
Your Account Isn't Verified!
In order to create a playlist on Sporcle, you need to verify the email address you used during registration. Go to your
Sporcle Settings
to finish the process.
Report this User
Report this user for behavior that violates our
Community Guidelines
.
Details:
Send Report
Go to the Sporcle.com Mobile Site →
Comments